000 00707namaa2200265 a 4500
001 vtls000931681
003 NLI
005 20210627084244.0
008 110929s1900 enk d 000 0 eng
039 9 _y201109292017
_zEntertech_02
040 _aNLI
_beng
_cEntertech-2011
_eAACR2
041 0 _aeng
044 _aenk
082 0 4 _a752
100 1 _aWarhurst, B. W.
_9857524
245 1 0 _aColour dictionary /
_cB. W. Warhurst
250 _a2nd ed.
260 _aLondon :
_bS. Gibbons,
_c1900
300 _aiv, 54 p. ;
_c21cm.
650 0 _aColour
_xDictionaries
_9857525
887 _a
901 _aB.C.539 :
_b12.9.1957
902 _aB.C. 752 W 232
999 _aVIRTUA
_c740654
_d740654
942 _2ddc
_cBKS